Normal view
MARC view
- Commercial statistics
Entry Topical Term
001 - CONTROL NUMBER
- control field: 25449
003 - CONTROL NUMBER IDENTIFIER
- control field: NUST
005 - DATE AND TIME OF LATEST TRANSACTION
- control field: 20191110121326.0
008 - FIXED-LENGTH DATA ELEMENTS
- fixed length control field: 191110|| aca||aabn | a|a d
040 ## - CATALOGING SOURCE
- Original cataloging agency: NUST
- Transcribing agency: NUST
150 ## - HEADING--TOPICAL TERM
- Topical term or geographic name entry element: Commercial statistics
670 ## - SOURCE DATA FOUND
- Source citation: Work cat.: (NUST)0: Sincich, Terry. 164, Business statistics by example /, c1996.
